=LDR 00000nam 2200000 4500 =001 INLIS000000000024260 =005 20130612122847 =008 ***********************************Ind** =035 ##$$0010-061300000024260 =041 ##$$a Ind =082 ##$$a 020 =090 ##$$a 020, Sud p =100 ##$$a Soedibiyo Nurhayati =245 ##$$a Pengelolaan perpustakaan, Noerhayati Soedibyo =260 ##$$a 1986 $b Bandung =300 ##$$a 322 hlm, 21 cm =650 ##$$a Perpustakaan =850 ##$$a NBPNMAT